Epistemology: classic problems and contemporary responses

Збережено в:
Бібліографічні деталі
Автор: BonJour, Laurence (Автор)
Формат: Книга
Мова:Англійська
Опубліковано: Lanham Rowan and Littlefield 2010
Редагування:2a. ed
Серія:Elements of Philosophy
Предмети:
Теги: Додати тег
Немає тегів, Будьте першим, хто поставить тег для цього запису!

MARC

LEADER 00000cam a2200000 a 4500
001 UCD7013
003 CL-VaPUC
008 170303e20100000us |||||||||||||||||eng|d
020 |a 9780742564183 
082 0 4 |a 121  |b BON  |2 21 
100 0 |a BonJour, Laurence  |e author  |9 590943 
245 1 0 |a Epistemology: classic problems and contemporary responses 
250 |a 2a. ed 
300 |a 329 p 
942 |c BK 
945 |d 20170303 17:35:00  |a arojas 
260 |a Lanham  |b Rowan and Littlefield  |c 2010 
650 0 |a Teoría del conocimiento   |9 255038 
650 0 |a Epistemología   |9 264994 
650 0 |a Filosofía de las ciencias  |9 256466 
583 |a last modification  |c 20170303 17:35:00  |k Rodrigo Vera 
490 0 |a Elements of Philosophy 
999 |c 367180  |d 367178 
952 |0 0  |1 0  |3 erb  |4 0  |6 121_000000000000000_BON_2010  |7 0  |8 A  |9 481873  |a BIBEDU  |b BIBEDU  |c ES_NOD  |i 5361702  |o 121 BON 2010  |p 5361702  |r 2023-08-09  |w 2019-11-24  |y BK  |z Catalogado en:20170303  |k FIL